000 03172nab a2200289 i 4500
003 BR-BrBNA
005 20250729162521.0
008 250729b2020 bl.ar|pooa||| 00| 0 por |
040 _aBR-BrBNA
_bpor
072 _aF70
_b1124
100 _aRebouças, Natanael Costa
100 _aCordeiro, Luciana Silva
100 _aAraújo, Ricardo de Souza
100 _aRibeiro, Rayane de Tasso Moreira
100 _aLoiola, Maria Iracema Bezerra
245 _aFlora do Ceará, Brasil: Ebenaceae
500 _aPublicação on-line; 39 ref.; 2 illus.; Summaries (En, Pt)
520 _a Resumo Apresentamos o levantamento florístico das espécies de Ebenaceae para o estado do Ceará, como parte do projeto “Projeto Flora do Ceará: conhecer para conservar”. O estudo foi baseado na análise comparativa dos caracteres morfológicos de espécimes depositados nos Herbários ASE, EAC, HCDAL, HUEFS, HUVA, INPA, MAC e UB, de amostras obtidas em campo, bibliografias especializadas e imagens de coleções-tipo. A família é representada no estado pelo gênero Diospyros, com três espécies: D. coccolobifolia, D. inconstans subsp. obovata e D. sericea. As espécies têm distribuição disjunta, restrita ou amplamente distribuídas em território cearense, ocorrendo em vegetação de Savana (Cerrado), Savana Estépica (Caatinga), Floresta Estacional Decidual (Mata Seca), Floresta Estacional Semidecidual das Terras Baixas (Mata de Tabuleiro), Vegetação com Influência Marinha (Restinga) e Floresta Ombrófila Densa (Mata Úmida). As três espécies foram registradas em Unidades de Conservação no estado. Palavras-chave: Diospyros, distribuição, diversidade, Ericales. Abstract We present the floristic survey of Ebenaceae occurring in the state of Ceará, as part of the Project “Flora do Ceará: knowing to conserve”. The study was based on the comparative analysis of morphological characters of the specimens from Herbaria ASE, EAC, HCDAL, HUEFS, HUVA, INPA, MAC and UB, from samples obtained during fieldwork, specialized bibliography, and images of collections-types. The family is represented in the state by the genus Diospyros, withthree species:D. coccolobifolia, D. inconstans subsp.and D. sericea. The species are disjunct, restricted or widely distributed in Ceará territory’s and occur in Savanna (Cerrado), Stepic Savanna (Caatinga), Seasonal Decidual Forest (Mata Seca), Semi-deciduous Lowland Forest (Mata de Tabuleiro), Vegetation with Marine Influence (Restinga), and Ombrophyllous Dense Forest (Mata úmida). The three species were recorded in Conservation Units in state. Key words: Diospyros, distribution, diversity, Ericales.
650 _aDIOSPYROS KAKI
650 _aCAQUI
650 _aDISTRIBUIÇÃO GEOGRÁFICA
650 _aBIODIVERSIDADE
773 0 _0709
_9353216
_dRio de Janeiro-RJ Jardim Botanico do Rio de Janeiro 1935
_o2025-4473
_tRodriguésia (Brazil)
_x0370-6583; 2175-7860 on-line
_gv. 71 p. 1-9; (2020)
_wBR2025003332
856 _uhttps://www.scielo.br/j/rod/a/Z4qY8mt6bMQ6szQMKRHGB5M/?format=pdf&lang=pt
942 _cANA
999 _c337362
_d337362